Účtovanie finančného lízingu a jeho dopad na výsledok hospodárenia a daňový základ (vo vybranej organizácii) bakalárska práca

Na minha lista:
Detalhes bibliográficos
Autor principal: Zúbková, Soňa
Autor Corporativo: Národohospodárska fakulta EU. Katedra financií
Outros Autores: Staríčková, Zuzana
Formato: Livro
Idioma:eslovaco
Publicado em: Bratislava 2018
Tags: Adicionar Tag
Sem tags, seja o primeiro a adicionar uma tag!

MARC

LEADER 00000nbm a2200000 4500
001 0245913
005 20181214134137.3
041 0 |a slo 
044 |a SK 
245 1 0 |a Účtovanie finančného lízingu a jeho dopad na výsledok hospodárenia a daňový základ (vo vybranej organizácii)  |b bakalárska práca  |c Soňa Zúbková ; školiteľ: Zuzana Staríčková 
264 1 |a Bratislava  |c 2018 
300 |a 43 s. 
100 1 |a Zúbková, Soňa 
700 1 |a Staríčková, Zuzana 
710 2 |a Národohospodárska fakulta EU. Katedra financií